| 000 | 00709nam a22002297a 4500 | ||
|---|---|---|---|
| 003 | UA-OsUOA | ||
| 001 | 43511 | ||
| 007 | ta | ||
| 008 | 20090908b un ||||| |||| 00| 0 ukr d | ||
| 100 | _aЖаботинський В. | ||
| 090 |
_a82-92(Публ.) _bЖ12 |
||
| 942 | _cBK | ||
| 040 |
_aUA-OsUOA _bukr _cUA-OsUOA _dUA-OsUOA |
||
| 245 | _aВибрані статті з національного питання | ||
| 300 | _a136 с. | ||
| 955 | _a4 | ||
| 041 | _aukr | ||
| 080 | _a82-92(Публ.) | ||
| 260 |
_aК. _b"Республіканська асоціація українознавців" _c1991 |
||
| 650 | 7 |
_a82 Література. Літературознавство _2UDC |
|
| 999 |
_c441986 _d441986 |
||